Faculty of Law Library — Cairo University

Official Online Catalog

Perspectives Occidentales Du Droit International Des Droits Économiques DeLa Personne / (Record no. 62994)

MARC details
000 -LEADER
fixed length control field 01050nam a2200313 i 4500
003 - CONTROL NUMBER IDENTIFIER
control field EG-GICUC
005 - DATE AND TIME OF LATEST TRANSACTION
control field 20260212212741.0
008 - FIXED-LENGTH DATA ELEMENTS--GENERAL INFORMATION
fixed length control field 260212s1995 be ||||fr ||| 00| 0 fre d
017 ## - COPYRIGHT OR LEGAL DEPOSIT NUMBER
Copyright or legal deposit number 1995/0023/2
020 ## - INTERNATIONAL STANDARD BOOK NUMBER
International Standard Book Number 2802709674
040 ## - CATALOGING SOURCE
Original cataloging agency EG-GICUC
Transcribing agency EG-GICUC
Modifying agency EG-GICUC
Description conventions rda
Language of cataloging fre
082 04 - DEWEY DECIMAL CLASSIFICATION NUMBER
Edition number 21
Classification number 341.48
Item number LA . P
092 04 - LOCALLY ASSIGNED DEWEY CALL NUMBER (OCLC)
Edition number 21
099 ## - LOCAL FREE-TEXT CALL NUMBER (OCLC)
Classification number Law1 11 341.48 LA . P 1995
100 1# - MAIN ENTRY--PERSONAL NAME
Personal name Lamarche,Lucie
Relator term Auteur
245 ## - TITLE STATEMENT
Title Perspectives Occidentales Du Droit International Des Droits Économiques DeLa Personne /
Statement of responsibility, etc. Lucie Lamarche .
264 #0 - PRODUCTION, PUBLICATION, DISTRIBUTION, MANUFACTURE, AND COPYRIGHT NOTICE
Place of production, publication, distribution, manufacture Bruxelles :
Name of producer, publisher, distributor, manufacturer Editions Bruylant ; Editions De L’Université De Bruxelles ,
Date of production, publication, distribution, manufacture, or copyright notice 1995 .
300 ## - PHYSICAL DESCRIPTION
Extent 513 Pages;
Dimensions 30 cm.
336 ## - CONTENT TYPE
Content type term text
Source rda content
337 ## - MEDIA TYPE
Media type term Computer
Source rda media
338 ## - CARRIER TYPE
Carrier type term Online Resource
Source rda carrier
546 ## - LANGUAGE NOTE
Language note Texte en français
650 04 - SUBJECT ADDED ENTRY--TOPICAL TERM
Topical term or geographic name entry element Droit International Public
650 04 - SUBJECT ADDED ENTRY--TOPICAL TERM
Topical term or geographic name entry element Droits De L'Homme
700 1# - ADDED ENTRY--PERSONAL NAME
Personal name Alston,Philip
Relator term Préfacier
856 ## - ELECTRONIC LOCATION AND ACCESS
Uniform Resource Identifier <a href="https://fll.law.cu.edu.eg/fulltext/th/B11-07396.pdf">https://fll.law.cu.edu.eg/fulltext/th/B11-07396.pdf</a>
905 ## - Cataloger and Reviser Names
Cataloger Name: Logain Ashraf
942 ## - ADDED ENTRY ELEMENTS (KOHA)
Source of classification or shelving scheme Dewey Decimal Classification
Koha item type Books
Edition 21
Suppress in OPAC No
Holdings
Withdrawn status Lost status Source of classification or shelving scheme Damaged status Not for loan Collection Home library Current library Date acquired Total checkouts Full call number Barcode Date last seen Copy number Price effective from Koha item type
    Dewey Decimal Classification   Not for loan القانون الدولي العام جــــامعة القــاهرة مكتبة كلية الحقوق - المبنى الرئيسي 12.02.2026   Law1 11 341.48 LA . P 1995 1107396 C1 B11-07396 12.02.2026 1 12.02.2026 Books

© All rights reserved — Faculty of Law, Cairo University